000 00697nam a2200181Ia 4500
001 4467
005 20260306145758.0
008 260306t2007||||xx |||||||||||||| ||spa||
041 _aESP
082 _a323.042
_bC265
100 _aChávez, Susana
_eAUT
245 0 _aConcepciones y percepciones sobre los derechos sexuales y reproductivos en la adolescencia:
_brecomendaciones para la implementación del plan regional de salud en la región de La Libertad en las prioridades sanitarias de embarazo no deseado, aborto y violencia familiar que afecta a los/ las adolescentes
260 _c2007
300 _a155 páginas :
_c21cm.
650 _aGEN
654 _aCHU
942 _cLIB
_dJUS
_fJUS
_2ddc
_n
999 _c4467
_d4467